| 000 | 00693nam a2200217Ii 4500 | ||
|---|---|---|---|
| 003 | JO-AjNU | ||
| 008 | 230605s9999||||xx |||||||||||||| ||und|| | ||
| 017 | _a2012/10/3780 | ||
| 020 | _a978-9957-12-482-3 | ||
| 040 |
_aJO-AjNU _bara _erda _cJO-AjNU |
||
| 041 | _aara | ||
| 050 | 1 | 4 | _aLB2805 2013 |
| 100 | 3 |
_aخليفات، نجاح عودة, _eauthor _950399 |
|
| 245 | 0 | 0 | _aمدير المدرسة القائد |
| 264 | 3 | 1 | _aعمان،دار اليازوري،2013 |
| 300 | _a272ص | ||
| 336 |
_atext _btxt _2rdacontent |
||
| 337 |
_aunmediated _bn _2rdamedia |
||
| 338 |
_avolume _bnc _2rdacarrier |
||
| 650 | 4 |
_aمديرو المدارس. المدارس-تنظيم وإدارة _950400 |
|
| 999 |
_aA22199 _c25767 _d25767 |
||